[Event "EYCC 2024 - O16"]
[Site "?"]
[Date "2024.08.26"]
[Round "5.9"]
[White "Lavrencic, Matic"]
[Black "Krawczyk, Flawian"]
[Result "1/2-1/2"]
[BlackElo "2263"]
[WhiteElo "2356"]
[LiveChessVersion "1.4.8"]

1. e4 {[%clk 1:30:55]} c5 {[%clk 1:28:53]} 2. Nf3 {[%clk 1:30:50]} d6
{[%clk 1:28:53]} 3. Bb5+ {[%clk 1:30:47]} Nd7 {[%clk 1:29:21]} 4. a4
{[%clk 1:30:52]} Ngf6 {[%clk 1:28:48]} 5. Nc3 {[%clk 1:30:50]} a6
{[%clk 1:28:09]} 6. Be2 {[%clk 1:30:51]} e6 {[%clk 1:27:55]} 7. d4
{[%clk 1:28:29]} cxd4 {[%clk 1:26:27]} 8. Qxd4 {[%clk 1:28:46]} b6
{[%clk 1:24:14]} 9. O-O {[%clk 1:28:49]} Bb7 {[%clk 1:23:39]} 10. Rd1
{[%clk 1:27:06]} Qc7 {[%clk 1:23:05]} 11. Be3 {[%clk 1:27:21]} Be7
{[%clk 1:22:55]} 12. Nd2 {[%clk 1:27:32]} O-O {[%clk 1:19:26]} 13. Nc4
{[%clk 1:27:44]} e5 {[%clk 1:12:18]} 14. Qd3 {[%clk 1:19:05]} Rad8
{[%clk 1:04:57]} 15. Bf3 {[%clk 1:03:25]} Nc5 {[%clk 0:53:30]} 16. Qe2
{[%clk 1:01:46]} Rc8 {[%clk 0:52:24]} 17. b3 {[%clk 0:47:26]} Nfxe4
{[%clk 0:41:13]} 18. Nxe4 {[%clk 0:46:59]} Bxe4 {[%clk 0:40:03]} 19. Bxe4
{[%clk 0:43:18]} Nxe4 {[%clk 0:40:26]} 20. Bxb6 {[%clk 0:41:09]} Qb7
{[%clk 0:39:07]} 21. Qd3 {[%clk 0:40:44]} Nc3 {[%clk 0:23:33]} 22. Qxc3
{[%clk 0:37:01]} d5 {[%clk 0:23:57]} 23. Rab1 {[%clk 0:21:42]} dxc4
{[%clk 0:23:21]} 24. bxc4 {[%clk 0:20:30]} Qc6 {[%clk 0:22:11]} 25. a5
{[%clk 0:17:28]} e4 {[%clk 0:20:57]} 1/2-1/2

[Event "EYCC 2024 - O16"]
[Site "?"]
[Date "2024.08.26"]
[Round "5.10"]
[White "Fiskaaen, Martin Holten"]
[Black "Bodrogi, Bendeguz"]
[Result "0-1"]
[BlackElo "2353"]
[WhiteElo "2225"]
[LiveChessVersion "1.4.8"]

1. d4 {[%clk 1:30:55]} d5 {[%clk 1:30:52]} 2. c4 {[%clk 1:31:20]} e6
{[%clk 1:31:14]} 3. Nf3 {[%clk 1:31:46]} Nf6 {[%clk 1:31:37]} 4. g3
{[%clk 1:32:11]} Nc6 {[%clk 1:31:59]} 5. Bg2 {[%clk 1:31:50]} Bd6
{[%clk 1:32:22]} 6. O-O {[%clk 1:31:17]} O-O {[%clk 1:32:43]} 7. b3
{[%clk 1:30:44]} dxc4 {[%clk 1:33:03]} 8. bxc4 {[%clk 1:31:09]} e5
{[%clk 1:33:25]} 9. c5 {[%clk 1:30:51]} Be7 {[%clk 1:33:48]} 10. dxe5
{[%clk 1:30:48]} Qxd1 {[%clk 1:34:07]} 11. Rxd1 {[%clk 1:31:12]} Ne4
{[%clk 1:34:31]} 12. Ba3 {[%clk 1:30:04]} Bxc5 {[%clk 1:34:55]} 13. Bxc5
{[%clk 1:30:25]} Nxc5 {[%clk 1:35:19]} 14. Na3 {[%clk 1:30:37]} Re8
{[%clk 1:35:36]} 15. Rac1 {[%clk 1:12:13]} Na6 {[%clk 1:36:00]} 16. Nc4
{[%clk 1:02:14]} Rb8 {[%clk 1:26:06]} 17. Nd4 {[%clk 0:53:51]} Nxd4
{[%clk 1:25:10]} 18. Rxd4 {[%clk 0:54:13]} Kf8 {[%clk 1:24:33]} 19. f4
{[%clk 0:49:35]} Ke7 {[%clk 1:15:22]} 20. Na5 {[%clk 0:43:35]} Rd8
{[%clk 1:11:03]} 21. Rxd8 {[%clk 0:40:07]} Kxd8 {[%clk 1:11:26]} 22. Bd5
{[%clk 0:38:54]} Ke8 {[%clk 1:00:20]} 23. Bc4 {[%clk 0:37:02]} Be6
{[%clk 0:56:11]} 24. Bb5+ {[%clk 0:33:00]} c6 {[%clk 0:53:05]} 25. Bxa6
{[%clk 0:31:45]} bxa6 {[%clk 0:53:30]} 26. Rxc6 {[%clk 0:25:15]} Rb2
{[%clk 0:53:08]} 27. e4 {[%clk 0:16:10]} Bh3 {[%clk 0:50:22]} 28. Nc4
{[%clk 0:10:47]} Re2 {[%clk 0:14:45]} 29. Nd6+ {[%clk 0:09:30]} Kd7
{[%clk 0:14:59]} 30. Rc1 {[%clk 0:09:07]} f6 {[%clk 0:14:43]} 31. exf6
{[%clk 0:05:56]} gxf6 {[%clk 0:13:57]} 32. Rd1 {[%clk 0:05:48]} Rg2+
{[%clk 0:11:32]} 33. Kh1 {[%clk 0:06:10]} Rxa2 {[%clk 0:11:55]} 34. Nf5+
{[%clk 0:05:30]} Ke6 {[%clk 0:11:38]} 35. Nd4+ {[%clk 0:04:31]} Kf7
{[%clk 0:11:58]} 36. e5 {[%clk 0:03:31]} fxe5 {[%clk 0:11:34]} 37. fxe5
{[%clk 0:04:00]} a5 {[%clk 0:11:50]} 38. e6+ {[%clk 0:02:05]} Ke7
{[%clk 0:11:36]} 39. Rb1 {[%clk 0:00:32]} a4 {[%clk 0:08:23]} 40. Nc6+
{[%clk 0:00:33]} Kxe6 {[%clk 0:08:38]} 41. Nxa7 {[%clk 0:00:56]} Kd5
{[%clk 0:05:46]} 42. Nb5 {[%clk 0:00:54]} Kc4 {[%clk 0:06:06]} 43. Kg1
{[%clk 0:00:38]} Kd3 {[%clk 0:04:39]} 44. Rd1+ {[%clk 0:00:34]} Rd2
{[%clk 0:03:40]} 45. Ra1 {[%clk 0:00:37]} Rg2+ {[%clk 0:03:32]} 46. Kh1
{[%clk 0:01:03]} Rb2 {[%clk 0:03:55]} 47. Na3 {[%clk 0:01:03]} Kc3
{[%clk 0:02:33]} 48. Rc1+ {[%clk 0:00:35]} Kb3 {[%clk 0:01:48]} 49. Nb5
{[%clk 0:00:32]} a3 {[%clk 0:01:40]} 50. Nxa3 Kxa3 {[%clk 0:02:05]} 51. Kg1
{[%clk 0:00:49]} Rg2+ {[%clk 0:01:46]} 52. Kh1 {[%clk 0:01:19]} Kb2
{[%clk 0:01:57]} 53. Re1 {[%clk 0:00:35]} Kc2 {[%clk 0:00:55]} 54. Ra1
{[%clk 0:00:32]} Rd2 {[%clk 0:00:41]} 55. Kg1 {[%clk 0:00:35]} Kd3
{[%clk 0:00:43]} 56. Re1 {[%clk 0:00:34]} Rg2+ {[%clk 0:00:53]} 57. Kh1
{[%clk 0:01:00]} Re2 {[%clk 0:01:04]} 58. Rd1+ {[%clk 0:00:53]} Kc2
{[%clk 0:00:57]} 59. Ra1 {[%clk 0:00:31]} Kd2 {[%clk 0:01:22]} 60. Kg1
{[%clk 0:00:31]} Re1+ {[%clk 0:01:46]} 61. Rxe1 {[%clk 0:00:56]} Kxe1
{[%clk 0:02:08]} 62. g4 {[%clk 0:01:24]} Ke2 {[%clk 0:02:31]} 63. g5
{[%clk 0:01:50]} Kf3 {[%clk 0:02:47]} 64. g6 {[%clk 0:02:04]} hxg6
{[%clk 0:03:10]} 65. Kh1 {[%clk 0:02:31]} Be6 {[%clk 0:03:29]} 66. Kg1
{[%clk 0:02:54]} Bd5 {[%clk 0:03:53]} 67. Kf1 {[%clk 0:03:11]} Kg4
{[%clk 0:04:16]} 68. Kf2 {[%clk 0:03:24]} Kh3 {[%clk 0:04:41]} 69. Kg1
{[%clk 0:03:51]} g5 {[%clk 0:05:06]} 0-1

[Event "EYCC 2024 - O16"]
[Site "?"]
[Date "2024.08.26"]
[Round "5.11"]
[White "Dyachuk, Artem"]
[Black "Cnejev, Vladimir-Alexandru"]
[Result "1-0"]
[BlackElo "2343"]
[WhiteElo "2263"]
[LiveChessVersion "1.4.8"]

1. e4 e5 {[%clk 1:26:22]} 2. Nf3 {[%clk 1:31:24]} Nc6 {[%clk 1:26:48]} 3. Bb5
{[%clk 1:31:49]} a6 {[%clk 1:27:12]} 4. Ba4 {[%clk 1:32:17]} Nf6 {[%clk 1:27:16]}
5. O-O {[%clk 1:32:40]} Be7 {[%clk 1:27:22]} 6. d3 {[%clk 1:32:51]} b5
{[%clk 1:27:29]} 7. Bb3 {[%clk 1:33:17]} O-O {[%clk 1:27:09]} 8. Nc3 d6
{[%clk 1:25:57]} 9. a3 {[%clk 1:33:03]} Na5 {[%clk 1:25:44]} 10. Ba2
{[%clk 1:33:28]} Be6 {[%clk 1:26:06]} 11. b4 {[%clk 1:33:55]} Bxa2
{[%clk 1:26:33]} 12. Nxa2 {[%clk 1:34:20]} Nc6 {[%clk 1:26:48]} 13. c4
{[%clk 1:34:45]} Nd4 {[%clk 1:23:02]} 14. Bb2 {[%clk 1:27:56]} Nxf3+
{[%clk 1:17:38]} 15. Qxf3 {[%clk 1:28:11]} Qd7 {[%clk 0:56:57]} 16. Rac1
{[%clk 1:24:30]} c6 {[%clk 0:54:18]} 17. Rfd1 {[%clk 1:19:29]} Qe6
{[%clk 0:34:51]} 18. Nc3 {[%clk 1:10:18]} Rfd8 {[%clk 0:34:08]} 19. a4
{[%clk 0:51:23]} a5 {[%clk 0:17:36]} 20. axb5 {[%clk 0:45:04]} axb4
{[%clk 0:17:47]} 21. Ne2 {[%clk 0:45:19]} cxb5 {[%clk 0:14:03]} 22. cxb5
{[%clk 0:45:44]} Ra2 {[%clk 0:02:37]} 23. Rd2 {[%clk 0:45:58]} Rb8
{[%clk 0:01:11]} 24. d4 {[%clk 0:44:29]} Rxb5 {[%clk 0:01:18]} 25. d5
{[%clk 0:43:39]} Qd7 {[%clk 0:01:47]} 26. Qd3 {[%clk 0:43:10]} Rb7
{[%clk 0:01:47]} 27. Rc6 {[%clk 0:42:14]} h6 {[%clk 0:01:56]} 28. Qc4
{[%clk 0:41:55]} Ra8 {[%clk 0:01:52]} 29. h3 {[%clk 0:42:15]} Ne8
{[%clk 0:01:22]} 30. Rc2 {[%clk 0:39:14]} Bg5 {[%clk 0:01:03]} 31. Qb3
{[%clk 0:36:03]} Nc7 {[%clk 0:00:34]} 32. R2c4 {[%clk 0:33:47]} Rab8
{[%clk 0:00:37]} 33. Qg3 {[%clk 0:33:15]} Kh7 {[%clk 0:00:32]} 34. f4
{[%clk 0:33:28]} exf4 {[%clk 0:00:55]} 35. Nxf4 {[%clk 0:33:55]} Ne8
{[%clk 0:00:41]} 36. Nd3 {[%clk 0:32:54]} Bf6 {[%clk 0:00:45]} 37. e5
{[%clk 0:16:59]} dxe5 {[%clk 0:00:32]} 38. Qf3 {[%clk 0:17:26]} Rb5
{[%clk 0:00:32]} 39. Nc5 {[%clk 0:17:06]} Qe7 {[%clk 0:00:32]} 40. Qd3+
{[%clk 0:13:34]} Kh8 {[%clk 0:00:31]} 41. d6 {[%clk 0:13:09]} Qd8
{[%clk 0:00:32]} 42. d7 {[%clk 0:11:33]} Nc7 {[%clk 0:00:36]} 43. Qd6
{[%clk 0:11:36]} Ne8 {[%clk 0:00:32]} 44. Qf8+ {[%clk 0:10:52]} Kh7
{[%clk 0:01:01]} 45. Qxf7 {[%clk 0:11:07]} Nc7 {[%clk 0:01:07]} 46. Rg4
{[%clk 0:09:02]} R5b6 {[%clk 0:00:50]} 47. Rxg7+ {[%clk 0:08:06]} Bxg7
{[%clk 0:01:08]} 48. Qg6+ {[%clk 0:08:30]} Kh8 {[%clk 0:00:56]} 49. Rxb6
{[%clk 0:08:40]} Ra8 {[%clk 0:00:32]} 50. Bxe5 1-0

[Event "EYCC 2024 - O16"]
[Site "?"]
[Date "2024.08.26"]
[Round "5.12"]
[White "Von Mettenheim, Johannes"]
[Black "Nemsadze, Daviti"]
[Result "0-1"]
[BlackElo "2192"]
[WhiteElo "2340"]
[LiveChessVersion "1.4.8"]

1. d4 {[%clk 1:30:49]} Nf6 {[%clk 1:30:55]} 2. c4 {[%clk 1:31:14]} e6
{[%clk 1:31:23]} 3. Nf3 {[%clk 1:31:32]} b6 {[%clk 1:29:54]} 4. g3
{[%clk 1:31:56]} c6 {[%clk 1:30:22]} 5. Bg2 {[%clk 1:30:24]} d5 {[%clk 1:30:30]}
6. O-O {[%clk 1:27:49]} Be7 {[%clk 1:30:54]} 7. Nc3 {[%clk 1:26:38]} O-O
{[%clk 1:30:56]} 8. Ne5 {[%clk 1:26:36]} Bb7 {[%clk 1:23:02]} 9. e4
{[%clk 1:26:21]} dxc4 {[%clk 1:20:18]} 10. Nxc4 {[%clk 1:24:24]} b5
{[%clk 1:06:28]} 11. Ne3 {[%clk 1:23:52]} Nbd7 {[%clk 1:04:47]} 12. e5
{[%clk 1:10:18]} Nd5 {[%clk 1:04:17]} 13. Nexd5 {[%clk 1:10:43]} cxd5
{[%clk 1:04:44]} 14. f4 {[%clk 1:09:40]} b4 {[%clk 1:04:38]} 15. Ne2
{[%clk 1:10:05]} f5 {[%clk 1:04:43]} 16. g4 {[%clk 1:08:49]} g6 {[%clk 1:01:58]}
17. gxf5 {[%clk 1:07:08]} gxf5 {[%clk 1:00:34]} 18. Kh1 {[%clk 1:07:32]} Kh8
{[%clk 1:01:00]} 19. Ng1 {[%clk 1:06:33]} Rg8 {[%clk 0:58:26]} 20. Nf3
{[%clk 1:03:15]} h6 {[%clk 0:57:54]} 21. Be3 {[%clk 1:01:46]} Rg6
{[%clk 0:55:59]} 22. Nd2 {[%clk 1:01:43]} Ba6 {[%clk 0:56:24]} 23. Rg1
{[%clk 0:58:21]} Nb6 {[%clk 0:54:30]} 24. Qh5 {[%clk 0:56:33]} Qe8
{[%clk 0:54:11]} 25. Rac1 {[%clk 0:40:40]} Kh7 {[%clk 0:51:52]} 26. Qh3
{[%clk 0:35:33]} Bd3 {[%clk 0:47:26]} 27. Nf3 {[%clk 0:23:58]} Be4
{[%clk 0:45:58]} 28. Ng5+ {[%clk 0:21:35]} Bxg5 {[%clk 0:45:33]} 29. fxg5
{[%clk 0:21:59]} Rc8 {[%clk 0:43:34]} 30. b3 {[%clk 0:16:57]} Rc3
{[%clk 0:39:05]} 31. Rxc3 {[%clk 0:16:37]} bxc3 {[%clk 0:39:27]} 32. Bf4
{[%clk 0:14:00]} Qc6 {[%clk 0:38:30]} 33. Qe3 {[%clk 0:14:02]} Rg8
{[%clk 0:33:26]} 34. h4 {[%clk 0:12:17]} Qe8 {[%clk 0:33:20]} 35. Qe2
{[%clk 0:11:58]} c2 {[%clk 0:32:38]} 36. Kh2 {[%clk 0:12:23]} hxg5
{[%clk 0:22:13]} 37. Bxg5 {[%clk 0:12:47]} Qf7 {[%clk 0:20:28]} 38. Bf3
{[%clk 0:12:55]} Bxf3 {[%clk 0:12:37]} 39. Qxf3 {[%clk 0:13:24]} Rc8
{[%clk 0:12:50]} 40. Bd2 {[%clk 0:11:06]} Rg8 {[%clk 0:12:27]} 41. Bg5
{[%clk 0:11:35]} Rc8 {[%clk 0:12:54]} 42. Rc1 {[%clk 0:06:52]} Qg6
{[%clk 0:07:59]} 43. Bf4 {[%clk 0:05:09]} Rg8 {[%clk 0:05:51]} 44. Bg5
{[%clk 0:05:21]} Rc8 {[%clk 0:06:20]} 45. Bd2 {[%clk 0:04:14]} Rg8
{[%clk 0:05:35]} 46. h5 {[%clk 0:04:34]} Qf7 {[%clk 0:05:41]} 47. Rg1
{[%clk 0:03:24]} Rg4 {[%clk 0:05:08]} 48. Rxg4 {[%clk 0:03:48]} Qxh5+
{[%clk 0:05:38]} 49. Qh3 {[%clk 0:03:08]} Qxh3+ {[%clk 0:06:05]} 50. Kxh3
{[%clk 0:03:31]} fxg4+ {[%clk 0:06:34]} 51. Kxg4 {[%clk 0:03:59]} Nd7
{[%clk 0:06:24]} 52. Kf4 {[%clk 0:03:56]} Nb8 {[%clk 0:06:52]} 53. Ke3
{[%clk 0:03:58]} Nc6 {[%clk 0:07:21]} 54. Bc1 {[%clk 0:01:43]} Kg6
{[%clk 0:07:28]} 55. Kd3 {[%clk 0:00:53]} Nb4+ {[%clk 0:07:53]} 56. Kd2
{[%clk 0:00:31]} Nxa2 {[%clk 0:08:21]} 57. Ba3 {[%clk 0:00:50]} c1=Q+
{[%clk 0:08:49]} 58. Bxc1 {[%clk 0:01:15]} Nxc1 {[%clk 0:09:13]} 59. Kxc1
{[%clk 0:01:42]} Kf5 {[%clk 0:09:42]} 0-1

[Event "EYCC 2024 - O16"]
[Site "?"]
[Date "2024.08.26"]
[Round "5.13"]
[White "Toktomushev, Teimur"]
[Black "Sapocinic, Semion"]
[Result "1/2-1/2"]
[BlackElo "2213"]
[WhiteElo "2279"]
[LiveChessVersion "1.4.8"]

1. d4 {[%clk 1:30:57]} Nf6 {[%clk 1:30:54]} 2. c4 {[%clk 1:31:15]} e6
{[%clk 1:31:17]} 3. Nc3 {[%clk 1:31:31]} d5 {[%clk 1:31:38]} 4. cxd5
{[%clk 1:31:50]} exd5 {[%clk 1:32:02]} 5. Bg5 {[%clk 1:32:08]} c6
{[%clk 1:32:25]} 6. e3 {[%clk 1:32:25]} Bd6 {[%clk 1:32:41]} 7. Bd3
{[%clk 1:32:44]} O-O {[%clk 1:32:58]} 8. Nge2 {[%clk 1:33:05]} Re8
{[%clk 1:33:12]} 9. Qc2 {[%clk 1:31:53]} h6 {[%clk 1:33:30]} 10. Bf4
{[%clk 1:32:15]} Bxf4 {[%clk 1:32:30]} 11. Nxf4 {[%clk 1:32:39]} Nbd7
{[%clk 1:29:37]} 12. O-O {[%clk 1:32:57]} Nf8 {[%clk 1:27:53]} 13. b4
{[%clk 1:27:52]} Ne6 {[%clk 1:24:51]} 14. Nxe6 {[%clk 1:27:22]} Bxe6
{[%clk 1:25:08]} 15. a4 {[%clk 1:11:13]} Qd6 {[%clk 1:19:26]} 16. Rab1
{[%clk 0:55:56]} Ng4 {[%clk 1:13:22]} 17. g3 {[%clk 0:56:03]} Rac8
{[%clk 1:08:49]} 18. Ne2 {[%clk 0:52:20]} Nf6 {[%clk 1:03:51]} 19. Rfc1
{[%clk 0:39:49]} Ne4 {[%clk 0:51:57]} 20. Nf4 {[%clk 0:32:39]} Bg4
{[%clk 0:49:57]} 21. Be2 {[%clk 0:25:38]} Bf5 {[%clk 0:47:38]} 22. Qd1
{[%clk 0:21:52]} Qf6 {[%clk 0:37:46]} 23. Bg4 {[%clk 0:16:26]} Nd6
{[%clk 0:35:15]} 24. b5 {[%clk 0:09:50]} Bxb1 {[%clk 0:29:41]} 25. Bxc8
{[%clk 0:09:43]} Rxc8 {[%clk 0:28:40]} 26. Rxb1 {[%clk 0:09:55]} Qf5
{[%clk 0:26:16]} 27. Qd3 {[%clk 0:03:06]} Qe4 {[%clk 0:20:32]} 28. Qxe4
{[%clk 0:01:16]} dxe4 {[%clk 0:20:42]} 29. b6 {[%clk 0:00:32]} axb6
{[%clk 0:17:00]} 30. Rxb6 {[%clk 0:00:59]} Ra8 {[%clk 0:13:10]} 31. d5
{[%clk 0:00:58]} Rxa4 {[%clk 0:11:54]} 32. dxc6 {[%clk 0:01:23]} bxc6
{[%clk 0:09:41]} 33. Rxc6 {[%clk 0:01:49]} Nc4 {[%clk 0:09:43]} 34. Kg2
{[%clk 0:01:34]} 1/2-1/2

[Event "EYCC 2024 - O16"]
[Site "?"]
[Date "2024.08.26"]
[Round "5.14"]
[White "Menahem, Adi"]
[Black "Kozlovic, Jernej"]
[Result "1/2-1/2"]
[BlackElo "2334"]
[WhiteElo "2174"]
[LiveChessVersion "1.4.8"]

1. d4 {[%clk 1:30:57]} d5 {[%clk 1:30:30]} 2. c4 {[%clk 1:31:15]} e6
{[%clk 1:30:50]} 3. Nc3 {[%clk 1:31:04]} c5 {[%clk 1:31:09]} 4. cxd5
{[%clk 1:29:38]} exd5 {[%clk 1:31:28]} 5. Nf3 {[%clk 1:29:34]} Nf6
{[%clk 1:31:45]} 6. e3 {[%clk 1:28:57]} Nc6 {[%clk 1:32:07]} 7. Be2
{[%clk 1:28:40]} cxd4 {[%clk 1:32:06]} 8. Nxd4 {[%clk 1:28:51]} Bd6
{[%clk 1:32:16]} 9. O-O {[%clk 1:27:10]} O-O {[%clk 1:32:36]} 10. Nxc6
{[%clk 1:22:02]} bxc6 {[%clk 1:32:57]} 11. b3 {[%clk 1:21:33]} Re8
{[%clk 1:32:48]} 12. Bb2 {[%clk 1:20:12]} h5 {[%clk 1:28:56]} 13. h3
{[%clk 1:05:32]} Bc7 {[%clk 1:23:29]} 14. Ba3 {[%clk 1:00:48]} Bb8
{[%clk 1:22:17]} 15. Qd3 {[%clk 0:46:04]} Qc7 {[%clk 1:20:48]} 16. f4
{[%clk 0:46:04]} Qb6 {[%clk 1:15:51]} 17. Qd4 {[%clk 0:44:06]} Ne4
{[%clk 1:01:15]} 18. Nxe4 {[%clk 0:40:56]} Qxd4 {[%clk 1:00:45]} 19. exd4
{[%clk 0:41:04]} Rxe4 {[%clk 1:01:03]} 20. Bxh5 {[%clk 0:36:26]} g6
{[%clk 0:52:03]} 21. Bf3 {[%clk 0:34:10]} Rxd4 {[%clk 0:52:19]} 22. Rae1
{[%clk 0:30:21]} Be6 {[%clk 0:50:42]} 23. Bg4 {[%clk 0:29:56]} Re4
{[%clk 0:39:20]} 24. Rxe4 {[%clk 0:29:08]} dxe4 {[%clk 0:39:49]} 25. Bxe6
{[%clk 0:24:37]} fxe6 {[%clk 0:40:17]} 26. g3 {[%clk 0:19:09]} g5
{[%clk 0:31:35]} 27. f5 {[%clk 0:16:32]} Bxg3 {[%clk 0:30:58]} 28. fxe6
{[%clk 0:15:16]} e3 {[%clk 0:31:19]} 29. e7 {[%clk 0:12:29]} Bf2+
{[%clk 0:31:18]} 30. Kg2 {[%clk 0:08:59]} e2 {[%clk 0:23:48]} 31. Rxf2
{[%clk 0:08:52]} e1=Q {[%clk 0:24:04]} 32. Rf8+ {[%clk 0:09:18]} Kg7
{[%clk 0:22:39]} 33. Rxa8 {[%clk 0:09:37]} Qe2+ {[%clk 0:22:55]} 34. Kg1
{[%clk 0:09:54]} Qe3+ {[%clk 0:22:14]} 35. Kg2 {[%clk 0:10:01]} Qe4+
{[%clk 0:20:25]} 36. Kf2 {[%clk 0:07:48]} Qd4+ {[%clk 0:20:47]} 37. Ke2
{[%clk 0:06:42]} Qe5+ {[%clk 0:21:13]} 38. Kd2 {[%clk 0:06:10]} Qd4+
{[%clk 0:18:31]} 39. Kc2 {[%clk 0:05:46]} Qe4+ {[%clk 0:18:41]} 40. Kb2
{[%clk 0:05:47]} Qe5+ {[%clk 0:18:47]} 41. Kb1 {[%clk 0:05:51]} Qe4+
{[%clk 0:18:31]} 42. Kb2 {[%clk 0:06:13]} Qe2+ {[%clk 0:18:24]} 43. Kb1
{[%clk 0:06:13]} Qe1+ {[%clk 0:18:28]} 44. Kb2 {[%clk 0:06:28]} Qf2+
{[%clk 0:18:35]} 45. Kb1 {[%clk 0:06:40]} Qf5+ {[%clk 0:18:39]} 46. Ka1
{[%clk 0:06:23]} Qf1+ {[%clk 0:18:59]} 47. Kb2 {[%clk 0:06:50]} Qe2+
{[%clk 0:19:21]} 48. Kb1 {[%clk 0:07:08]} Qd3+ {[%clk 0:19:33]} 49. Kc1
{[%clk 0:06:49]} Qc3+ {[%clk 0:19:57]} 50. Kb1 {[%clk 0:07:14]} Qe1+
{[%clk 0:20:16]} 51. Kb2 {[%clk 0:07:32]} Qe2+ {[%clk 0:20:33]} 52. Kb1
{[%clk 0:07:50]} 1/2-1/2